000 00380nam a2200157Ia 4500
008 230711s9999||||xx |||||||||||||| ||und||
041 _aENG
082 _a720
_bJE-C
100 _aJean Loup Baer
245 0 _aComputer system Architecture
250 _a1st
260 _c1980
_aNew Delhi
_bComputer Science Press
300 _a626
650 _aComputer Engineering
942 _cBK
999 _c2847
_d2847